| 000 | 01198cam a2200301 a 4500 | ||
|---|---|---|---|
| 005 | 20260322212021.0 | ||
| 008 | data | ||
| 010 | _a 2009026060 | ||
| 020 | _a9780762754526 (hbk.) | ||
| 020 | _a0762754524 | ||
| 040 |
_aDLC _cDLC _dDLC |
||
| 043 | _an-us-ca | ||
| 050 | 0 | 0 |
_aF862 _b.H69 2010 |
| 082 | 0 | 0 |
_a979.4/053 _222 |
| 092 | _a979.4 H69 2010 | ||
| 100 | 1 |
_aHoward, M. J. _q(Martin J.) |
|
| 245 | 1 | 4 |
_aThe way we were California : _bnostalgic images of the Golden State / _cM. J. Howard & Laurie Mayer. |
| 260 |
_aGuilford, CT : _bGlobe Pequot Press, _cc2010. |
||
| 300 |
_a128 p. : _bill. (some col.) ; _c19 cm. |
||
| 500 | _aIncludes index. | ||
| 651 | 0 |
_aCalifornia _xHistory _vPictorial works. |
|
| 651 | 0 |
_aCalifornia _xSocial life and customs _vPictorial works. |
|
| 700 | 1 |
_aMayer, Laurie _q(Laurie Suzanne) |
|
| 906 |
_a7 _bcbc _corignew _d1 _eecip _f20 _gy-gencatlg |
||
| 925 | 0 |
_aacquire _b2 shelf copies _xpolicy default _eclaim1 2010-04-13 |
|
| 955 |
_drf04 2009-06-30 to SL _erf09 2009-06-30 to Dewey _wrd08 2009-07-01 _frc10 2010-09-15 c. 1 to BCCD |
||
| 001 | data | ||
| 999 |
_c477 _d477 |
||